| 000 | 00552nam a2200193 a 4500 | ||
|---|---|---|---|
| 005 | 20210223125635.0 | ||
| 008 | 050509s2000 mx r 000 0 spa d | ||
| 035 | _aUPN01000138546 | ||
| 049 | _aF | ||
| 050 | 4 |
_aGV1628 O2 _bG8.2 |
|
| 100 | 1 |
_aGuerrero, José E. _941653 |
|
| 245 | 1 | 3 |
_aLa chilena / _cJosé E. Guerrero. |
| 260 |
_aMéxico : _bFONADAN, _c[198-]. |
||
| 300 |
_a31 p. : _bil. |
||
| 650 | 4 |
_aBAILES FOLKLORICOS - _zOAXACA _921447 |
|
| 650 | 4 |
_aBAILES FOLKLORICOS - _zGUERRERO _926689 |
|
| 650 | 4 |
_aCHILENA (BAILE) _926690 |
|
| 905 | _aLibro | ||
| 999 |
_c110694 _d110694 |
||